Lengua y literatura 2 /

Guardado en:
Autor Principal: Peltzer, María del Carmen
Formato: Libro
Publicado: Buenos Aires : Kapelusz, 2004
Series:Biblioteca del Polimodal
Materias:
Etiquetas: Agregar Etiqueta
Sin Etiquetas, Sea el primero en etiquetar este registro!
LEADER 01097nam a22002295a 4500
001 CEM.cems013789
005 20130219172120.0
008 130507s2004##################000#0#####d
003 CEMS
020 |a 950130230X 
082 0 4 |a Z468 
100 1 |a Peltzer, María del Carmen 
245 1 0 |a Lengua y literatura 2 /  |c María Del Carmen Peltzer ... [et Al.] 
260 |a Buenos Aires :  |b Kapelusz,  |c 2004 
300 |a 224 p. 
490 0 |a Biblioteca del Polimodal 
505 0 |a La diversiad lingüística: lengua, variedad y registro. Reelaboración de los géneros literarios. -- Texto y discurso. Literatura y modos de representación. --Texto, contexto, paratexto ... Mecanismos de representación. -- Idioma, conciencia histórica identidad y diversidad cultural. -- Interacciones lingüísticas. Literatura nacional y literatura universal. -- La subjetividad del discurso. La literatura argentina frente a Europa y latinoamérica 
653 |a Literatura 
653 |a Lengua 
653 |a Texto escolar 
653 |a Polimodal 
859 |a CEMS  |b BIB. CEMS - 11 de abril  |h Z468  |i B238  |p 26552.13  |t Ej.1  |v 2P  |3 2P